Control - Halsey - All Lyrics - Statistics

General Stats
  • This quiz has been taken 63 times
  • The average score is 232 of 314
Answer Stats
Answer % Correct
a
95%
A
95%
I
95%
The
95%
the
95%
control?
90%
me
90%
me"
90%
you
90%
and
88%
And
88%
be
88%
can't
88%
in
88%
should
88%
They
88%
they
88%
this
88%
Who
88%
you're
88%
is
85%
of
85%
I'm
83%
My
83%
my
83%
out,
83%
right,
83%
to
83%
awful
80%
scared
80%
stop,
80%
than
80%
all
78%
away
78%
bigger
78%
cried
78%
for
78%
God
78%
kids
78%
"Please
78%
scaring
78%
energy
76%
with
76%
demons
73%
so
73%
body
71%
damn
71%
find
71%
sent
71%
them
71%
help
68%
diamonds
66%
gold
66%
meaner
66%
these
66%
dead
63%
bed
61%
die
61%
home
61%
when
61%
alone,
59%
chest
59%
coming
59%
filled
59%
fortune
59%
was
59%
house
56%
that
56%
colder
54%
inside
54%
never
54%
on
54%
bones
51%
crying,
51%
like
51%
monsters
51%
"They're
51%
till
51%
head
49%
hold
49%
morning
49%
beg
46%
I'll
46%
I've
46%
tried
46%
deadly
44%
hallways,
44%
live
44%
mind's
44%
they'll
44%
around
41%
awake,
41%
echoed
41%
sat
41%
shadows
41%
at
39%
disease
39%
secrets
39%
villains
39%
couldn't
37%
empty
37%
mirrors
37%
write
37%
jumped
34%
person
34%
sounds
34%
stand
34%
familiar
32%
groaned
32%
hours
32%
slightest
32%
turned
32%
well
32%
grown
29%
paced
29%
acquainted
22%
No matching quizzes found
Score Distribution
Percent of People with Each Score
Percentile by Number Answered
Your Score History
You have not taken this quiz